000 00271nam a2200097Ia 4500
008 240331s9999 xx 000 0 und d
082 _a294.5
_bCOL
100 _aColeman, C
245 4 _aThe Mythology of the Hindus with notices of Various Mountain and Island Tribes
942 _cL
999 _c946
_d946